Т. 1: Химия цементного клинкера; Шестой международный конгресс по химии цемента, Москва, 23-27 сентября 1974

Бібліографічні деталі
Parent link:Шестой международный конгресс по химии цемента, Москва, 23-27 сентября 1974: в 3 т.. Т. 1: Химия цементного клинкера.— , 1976
Мова:Російська
Опубліковано: 1976
Предмети:
Формат: MixedMaterials Книга
KOHA link:https://koha.lib.tpu.ru/cgi-bin/koha/opac-detail.pl?biblionumber=145593

MARC

LEADER 00000nam2a2200000 4500
001 145593
005 20231031144135.0
035 |a (RuTPU)RU\TPU\book\157822 
090 |a 145593 
100 |a 20081020d1976 k y0rusy50 ca 
101 0 |a rus 
102 |a RU 
105 |a a z 101zy 
200 0 |a Т. 1: Химия цементного клинкера 
210 |d 1976 
320 |a Библиогр. в конце докл. 
320 |a Именной указатель: с. 304-306. 
461 1 |0 (RuTPU)RU\TPU\book\148639  |t Шестой международный конгресс по химии цемента, Москва, 23-27 сентября 1974  |o в 3 т.  |v Т. 1: Химия цементного клинкера  |d 1976 
610 1 |a цемент 
610 1 |a химия 
610 1 |a конгрессы 
610 1 |a клинкер 
610 1 |a кристаллохимия 
610 1 |a минералы 
610 1 |a фазовый состав 
610 1 |a минералообразование 
610 1 |a структура 
801 1 |a RU  |b 63413507  |c 20081020  |g PSBO 
801 2 |a RU  |b 63413507  |c 20090624  |g PSBO 
942 |c BK